000 00478nam a2200181Ia 4500
005 20231209094253.0
008 131103s9999 xx 000 0 und d
040 _aLoreto College
041 _aEnglish
082 _a423.1
_bBRE
100 _aBrewer
245 _aBrewer's Dictionary of Phrase and Faber,
_cBrewer
260 _aLondon
_bCassell and company Ltd.
_c1870
300 _avi,977 p.
650 _aDictionary Of Phrase and Faber
850 _aLCLIB
942 _cBK
999 _c6934
_d57413